| 000 | 00679nam a22002057a 4500 | ||
|---|---|---|---|
| 005 | 20210518154802.0 | ||
| 007 | 00 | ||
| 008 | 170710b xxu||||| |||| 00| 0 eng d | ||
| 020 | _a978-2-296-12270-3 | ||
| 100 | _aLemonnier, Michel | ||
| 245 |
_aLe psychologue du travail: _bUn agent du changement dans la société _c/ par Michel Lemonnier; préf. d'Alexandre Dorna |
||
| 260 |
_aParis : _bL'harmattan, _c2010 |
||
| 300 |
_a255 p. _bCouv. en coul. ; _c22 cm |
||
| 440 | _a(Psycho logiques) | ||
| 500 | _aBibliogr. pp. (251-255) | ||
| 630 | _a PHILOSOPHIE-PSYCHOLOGIE | ||
| 650 | _aPSYCHOLOGIE | ||
| 651 | _aTravail : Psychologie | ||
| 942 |
_cLBA _2ddc |
||
| 999 |
_c56482 _d56482 |
||